[Event "Barcelona Sant Marti op 11th"]
[Site "Barcelona"]
[Date "2024.02.08"]
[Round "5"]
[White "Izquierdo Sanchez, Alejandro"]
[Black "Ferrer Ache, Jesus"]
[Result "0-1"]
[WhiteElo "1129"]
[BlackElo "1438"]
[PlyCount "120"]
[EventDate "2024.01.11"]
[EventType "swiss"]
[EventRounds "9"]
[EventCountry "ESP"]
[SourceTitle "CB11_2024"]
[SourceDate "2024.03.13"]
[SourceVersion "1"]
[SourceVersionDate "2024.03.13"]
[SourceQuality "1"]

1. d4 d5 2. Bf4 Nf6 3. Nf3 e6 4. e3 Bd7 5. Bd3 Bd6 6. Ne5 Nc6 7. Nd2 Qe7 8. c3 a6 9. Ndf3 h6 10. Qb3 b5 11. 0-0-0 Na5 12. Qc2 Nc4 13. Nxd7 Nxd7 14. Ne5 Nb8 15. Nxf7 Kxf7 16. Bg6+ Kg8 17. g3 Nd7 18. Rde1 Nf8 19. Bxd6 Qxd6 20. Bh5 a5 21. e4 c6 22. exd5 cxd5 23. Re2 Ra7 24. Rhe1 Re7 25. Bg4 Kf7 26. f4 h5 27. Bh3 Rh6 28. f5 b4 29. fxe6+ Kg8 30. Rf1 Nxe6 31. Bxe6+ Rexe6 32. Ref2 Ref6 33. Qe2 Kh7 34. Qd3+ Kg8 35. Rxf6 Rxf6 36. Re1 bxc3 37. Qxc3 Re6 38. Rg1 Re3 39. Qc2 Qe6 40. b3 Re2 41. Qc3 Qe3+ 42. Qxe3 Nxe3 43. Kb1 Rxh2 44. Re1 Nc2 45. Re5 Nb4 46. Re8+ Kh7 47. Ra8 Rxa2 48. Rb8 g6 49. Rxb4 axb4 50. Kxa2 Kh6 51. Kb1 Kg5 52. Kc2 Kg4 53. Kd1 Kxg3 54. Ke1 h4 55. Kf1 h3 56. Kg1 g5 57. Kh1 g4 58. Kg1 Kf3 59. Kh1 Ke3 60. Kh2 Kxd4 0-1

[Event "Barcelona Sant Marti op 11th"]
[Site "Barcelona"]
[Date "2024.02.01"]
[Round "4"]
[White "Daunis Diaz De Quijano, Guillermo"]
[Black "Izquierdo Sanchez, Alejandro"]
[Result "1-0"]
[WhiteElo "1601"]
[BlackElo "1129"]
[PlyCount "111"]
[EventDate "2024.01.11"]
[EventType "swiss"]
[EventRounds "9"]
[EventCountry "ESP"]
[SourceTitle "CB11_2024"]
[SourceDate "2024.03.13"]
[SourceVersion "1"]
[SourceVersionDate "2024.03.13"]
[SourceQuality "1"]

1. e4 c5 2. Nf3 d6 3. Bb5+ Bd7 4. c4 a6 5. Bxd7+ Nxd7 6. d4 e6 7. 0-0 Ne7 8. Nc3 g6 9. b3 Bg7 10. Be3 0-0 11. Qd2 b6 12. Rac1 e5 13. dxc5 bxc5 14. Qxd6 f5 15. Bg5 Rf7 16. Rfd1 Ra7 17. Qxc5 Rc7 18. Bxe7 Rxe7 19. Qe3 Rf7 20. exf5 Rxf5 21. Nd5 Rb7 22. Nd2 Qf8 23. Ne4 Nf6 24. Nexf6+ Bxf6 25. Nxf6+ Qxf6 26. Rd2 Rf7 27. Rcd1 Kg7 28. f3 Rh5 29. Rd7 Qh4 30. Rxf7+ Kxf7 31. Qa7+ Kf6 32. Rd6+ Kg5 33. Qe7+ Kh6 34. Qxh4 Rxh4 35. g3 Rh5 36. Rxa6 Rf5 37. Kg2 Rf8 38. Re6 Rd8 39. Rxe5 Rd2+ 40. Kh3 Rxa2 41. c5 Rb2 42. c6 Rxb3 43. Rc5 Rb8 44. Kg4 Kg7 45. c7 Rc8 46. f4 h5+ 47. Kg5 Kf7 48. f5 gxf5 49. Rxf5+ Ke7 50. Rc5 Kd7 51. Kxh5 Rxc7 52. Rxc7+ Kxc7 53. Kg6 Kd6 54. Kf7 Kd7 55. h4 Kd6 56. h5 1-0

[Event "Barcelona Sant Marti op-B 23rd"]
[Site "Barcelona"]
[Date "2023.07.21"]
[Round "9"]
[White "Archs Garriga, Ignasi"]
[Black "Izquierdo Sanchez, Alejandro"]
[Result "1-0"]
[WhiteElo "1467"]
[BlackElo "1290"]
[PlyCount "101"]
[EventDate "2023.07.13"]
[EventType "swiss"]
[EventRounds "9"]
[EventCountry "ESP"]
[SourceTitle "CBM 215 Extra"]
[Source "ChessBase"]
[SourceDate "2023.09.30"]
[SourceVersion "1"]
[SourceVersionDate "2023.09.30"]
[SourceQuality "1"]

1. c4 e5 2. Nc3 Nf6 3. Nf3 Nc6 4. a3 Bc5 5. b4 Bd4 6. Bb2 0-0 7. e3 Bxc3 8. Bxc3 Re8 9. Be2 e4 10. Nd4 d5 11. 0-0 Ne5 12. d3 dxc4 13. dxc4 a6 14. Qc2 Bg4 15. Rad1 Qc8 16. c5 c6 17. Qb2 Nd3 18. Qd2 Nd5 19. Ba1 Bxe2 20. Nxe2 Qg4 21. Ng3 Re6 22. Bd4 Rh6 23. h3 Qg6 24. Nxe4 Qxe4 25. Qxd3 Qh4 26. Qe2 Rg6 27. Qf3 Re8 28. Kh2 Qe7 29. Rfe1 Qc7+ 30. Kh1 h6 31. Re2 Ree6 32. h4 Rgf6 33. Bxf6 Rxf6 34. Qe4 Re6 35. Qd3 Qe7 36. g3 g5 37. h5 g4 38. Qf5 Qg5 39. Qxg5+ hxg5 40. Red2 Re5 41. Kg2 Kg7 42. Rd4 Nc3 43. R1d3 Ne4 44. f3 gxf3+ 45. Kxf3 f5 46. Rd7+ Kh6 47. Rxb7 Kxh5 48. Rh7+ Kg6 49. Rh2 g4+ 50. Kf4 Nf2 51. Rd6+ 1-0

[Event "Barcelona Sant Marti op-B 23rd"]
[Site "Barcelona"]
[Date "2023.07.13"]
[Round "1"]
[White "Pujal Moncho, Joaquim"]
[Black "Izquierdo Sanchez, Alejandro"]
[Result "1-0"]
[WhiteElo "1670"]
[BlackElo "1290"]
[PlyCount "75"]
[EventDate "2023.07.13"]
[EventType "swiss"]
[EventRounds "9"]
[EventCountry "ESP"]
[SourceTitle "CBM 215 Extra"]
[Source "ChessBase"]
[SourceDate "2023.09.30"]
[SourceVersion "1"]
[SourceVersionDate "2023.09.30"]
[SourceQuality "1"]

1. d4 e6 2. f4 Nf6 3. Nf3 Bd6 4. e3 c5 5. c3 b5 6. Bxb5 cxd4 7. Nxd4 Bb7 8. 0-0 Ne4 9. Nd2 e5 10. fxe5 Bxe5 11. N2f3 0-0 12. Nxe5 Re8 13. Nef3 a6 14. Bd3 d5 15. Nd2 Nc6 16. Qf3 Ne5 17. Qe2 Nxd3 18. Qxd3 Qd6 19. Nxe4 dxe4 20. Qe2 Qg6 21. Bd2 Bc8 22. Qf2 Re7 23. Qg3 Qb6 24. b3 Raa7 25. c4 Red7 26. Bc3 Rd6 27. Qe5 Qd8 28. Nf5 f6 29. Qxd6 Rd7 30. Qf4 Rd3 31. Bd4 Bxf5 32. Qxf5 Rxd4 33. exd4 Qxd4+ 34. Kh1 h6 35. Rad1 Qb6 36. Qxe4 Kh8 37. Rfe1 a5 38. Qg6 1-0